LEADER 01660nam a2200313 a 4500 001 000000120556 003 CaOOAMICUS 005 20100305105733.0 008 100305t2009 it u000 u ita r 020 $a978-88-348-9476-7 040 $aPUL$bita$dReb 245 00$aPace guerra conflitto nella società dei diritti /$ca cura di Bruno M. Bilotta, Franco A. Cappelletti e Alberto Scerbo. 260 $aTorino :$bG. Giappichelli,$c©2009. 300 $aix, 359 p. ;$c24 cm. 490 1 $aQuaderni del dipartimento di Scienza e storia del diritto, Facoltà di Giurisprudenza (Università degli studi di Catanzaro "Magna Graecia") ;$v35 504 $aBibliografia in nota. 650 04$aDiritti umani.$0(OLS)http://pul/subject/3219 650 14$aGuerra (diritto internazionale).$0(OLS)http://pul/subject/10336 700 1 $aBilotta, Bruno M.$0(OLS)http://pul/name/75402 700 1 $aCappelletti, Franco A.$0(OLS)http://pul/name/75403 700 1 $aScerbo, Alberto.$0(OLS)http://pul/name/75405 830 0$aQuaderni del dipartimento di Scienza e storia del diritto, Facoltà di Giurisprudenza (Università degli studi di Catanzaro "Magna Graecia") ;$v35.$0(OLS)http://pul/title/137400 850 $aPUL 852 $aPUL$W1$xSL Diritto e Scienze Sociali 3$y79$m341. 6 BILBR 1$j138185$qDDC 21$B137398$CPULBib$Z2$F137398 $H112707 $82 941 1 $a9 960 $aDiritti dell'uomo$93219 996 $6020$a978-88-348-9476-7$9(OLS)http://pul/number/143516 996 $6245$aPace guerra conflitto nella società dei diritti$9(OLS)http://pul/title/151603 996 $6260$aTorino :$bG. Giappichelli$9(OLS)http://pul/publisher/49130 LEADER 01143nam a2200265 u 4500 001 000000057459 003 CaOOAMICUS 005 20070226120602.0 008 010509s1982 it u000 u ita u 035 $a10887989 040 $aPUL(R)$bita 041 1 $aita$hfre 100 1 $aSartre, Jean-Paul,$d1905-1980.$0(OLS)http://pul/name/24998 240 10$aRéflexions sur la question juive.$lItaliano.$0(OLS)http://pul/title/49483 245 12$aL'antisemitismo :$briflessioni sulla questione ebraica /$cJean-Paul Sartre. 260 $aMilano :$bEdizioni di Comunità,$c1982, c1847. 300 $a108 p. ;$c20 cm 490 1 $aScc paperback ;$v4 650 4$aAntisemitismo.$0(OLS)http://pul/subject/17285 830 0$aScc paperback ;$v4.$0(OLS)http://pul/title/43276 850 $aPUL 852 $aPUL$W1$xDP1 Altre Collocazioni$y17$mSenza collocazione$j12$nBK-PRI$b $qStampati$B75163$CPULBib$Z2$F75163 $H $81 941 1 $a8 996 $6245$aL'antisemitismo :$briflessioni sulla questione ebraica$9(OLS)http://pul/title/76929 996 $6260$aMilano :$bEdizioni di Comunità$9(OLS)http://pul/publisher/48252